00699nam a2200205Ia 450000100060000000800390000602000180004508200120006324500680007525000120014326000450015530000180020065300200021865300270023865300170026570000310028294200120031395201510032599900170047657770140626n2009 ii |||gr||||Z||||||346 a81-7293-437-8 a891.443 0aGalpo Samagra :bVol- 1V /cAshapurna Devi .hTextual Documents aIst ed. aCalcuttabMitra & Ghosh publishersc2009 a396pg:c23cm. aBengali Fiction aBengali- Short stories aRef- Bengali aDevi, Ashapurna,eAuthor., 2ddccBK 001040708General aSKBLbSKBLcRef- Bengalid2014-06-26f00000g150.00l0o891.443 De 497 Gap2840/Bengr2024-01-14 00:00:00t1w2014-06-26yBK c57674d57674